Countries with the highest recycling rate - Statistics

General Stats
  • This quiz has been taken 133 times
  • The average score is 6 of 7
Answer Stats
Percentage of waste recycled Country % Correct
34% Sweden
92%
40% Norway
89%
48% Germany
84%
31.5% United States
80%
46% Netherlands
76%
52% Switzerland
73%
49.7% Austria
64%
No matching quizzes found
Score Distribution
Percent of People with Each Score
Percentile by Number Answered
Your Score History
You have not taken this quiz